000 00422cam a22001457a 4500
008 180718b1965 xxu||||| |||| 00| 0 eng d
082 _aT000x5415 M588
100 _aMihaly, Eugene Bramer
245 _aForeign aid and politics in Nepal: a case study
_cby Eugene Bramer Mihaly
260 _aLondon
_bOUP
_c1965
300 _a202p.
500 _a42/-
650 _aNepal - Politics
650 _aEconomic Assistance in Nepal
999 _c373863
_d373863